Pays qui possédaient Minsk à travers l'histoire - Statistiques

Statistiques générales
  • Ce quiz a été pris 48 fois
  • Le résultat moyen est 12 sur 15
Statistiques - réponses
Periode Pays % Correct
1918 - 1941 URSS
100%
1944 - 1991 URSS
100%
1991 - Aujourd'hui Bielorussie
98%
1793 - 1812 Empire Russe
98%
1814 - 1918 Empire Russe
98%
1918 Republique Populaire de Bielorussie
98%
1654 - 1667 Tsarat de Russie
98%
1941 - 1944 Reichskommissariat Ostland
90%
1667 - 1793 Répubique des Deux Nations
88%
1413 - 1654 République des Deux Nations
88%
1812 - 1814 Empire Français
75%
1242 - 1413 Grand Duché de Lituanie
63%
1237 - 1242 Empire Mongol / Horde d'or
45%
1129 - 1237 Rus' de Kiev
45%
1067 - 1129 Principauté de Polotsk
8%
Aucun quiz correspondant
Distribution des résultats
% des personnes avec chaque résultat
Percentile par nombre de réponses
Votre historique - résultats
Vous n’avez pas pris ce quiz